000 01026nam a22003737a 4500
005 20251112171426.0
008 160406b1996 xxu||||| |||| 00| 0 spa d
020 _a9500604116
041 _aESP
082 _a617.632 C311c5
100 _aCarranza, Fermín
_944421
100 _aSznajder, Norma G.
245 _aCompendio de Periodoncia
250 _a5 edición
260 _aArgentina
260 _bEditorial Médica Panamericana
260 _c1996
300 _a222 páginas
300 _bIlustraciones a color
490 _aMecánica Dental
650 _aPERIODONCIA
650 _aENFERMEDADES PERIODONTALES
650 _aDIAGNÓSTICO CLÍNICO Y RADIOGRÁFICO
650 _aCIRUGÍA ORAL
650 _aMICROBIOLOGÍA PERIODONTAL
650 _aINMUNOLOGÍA PERIODONTAL
650 _aPLACA DENTAL
650 _aCIRUGÍA PERIODONTAL
650 _aGINGIVECTOMÍA
650 _aCIRUGÍA MUCOGINGIVAL
650 _aODONTOLOGÍA RESTAURADORA
650 _aPRIODONCIOPATÍAS
942 _cBK
_2ddc
999 _c9924
_d9924